UM Logo

Sustainable innovation behavior in restaurants / (Record no. 20971)

MARC details
000 -LEADER
fixed length control field 00791nam a22001817a 4500
005 - DATE AND TIME OF LATEST TRANSACTION
control field 20250827121544.0
008 - FIXED-LENGTH DATA ELEMENTS--GENERAL INFORMATION
fixed length control field 240828b ||||| |||| 00| 0 eng d
082 ## - DEWEY DECIMAL CLASSIFICATION NUMBER
Classification number DPer 647.95 J826 January-December 2019 v. 22 n. 1-6
100 ## - MAIN ENTRY--PERSONAL NAME
Personal name Salzberg, Anna C.
Relator term author.
9 (RLIN) 59207
245 ## - TITLE STATEMENT
Title Sustainable innovation behavior in restaurants /
Statement of responsibility, etc. Anna C. Salzberg, Meghan Z. Gough, and I-Shian Suen.
260 ## - PUBLICATION, DISTRIBUTION, ETC. (IMPRINT)
Place of publication, distribution, etc. Philadelphia ;
Name of publisher, distributor, etc. Taylor & Francis Group ,
Date of publication, distribution, etc. March-April 2019.
300 ## - PHYSICAL DESCRIPTION
Extent Volume 22, pages 167-190 :
Other physical details illustration ;
Dimensions 26 cm.
500 ## - GENERAL NOTE
General note Journal of Foodservice Business Research, vol. 22, no. 2, pages 167-190, March-April 2019.
700 ## - ADDED ENTRY--PERSONAL NAME
Personal name Salzberg, Anna C.
Relator term author.
9 (RLIN) 59208
700 ## - ADDED ENTRY--PERSONAL NAME
Personal name Gough, Meghan Z.
9 (RLIN) 59209
700 ## - ADDED ENTRY--PERSONAL NAME
Personal name Suen, I-Shian.
Relator term author.
9 (RLIN) 59210
942 ## - ADDED ENTRY ELEMENTS (KOHA)
Source of classification or shelving scheme Dewey Decimal Classification
Koha item type Periodicals
Holdings
Withdrawn status Lost status Source of classification or shelving scheme Damaged status Not for loan Collection code Home library Current library Date acquired Total Checkouts Full call number Date last seen Price effective from Koha item type Public note
    Dewey Decimal Classification     Periodicals UM Digos College - LIC UM Digos College - LIC 08/28/2024   DPer 647.95 J826 January-December 2019 v. 22 n. 1-6 08/28/2024 08/28/2024 Periodicals Periodical Article